000 00757nam a2200301Ia 4500
005 20260330160927.0
008 008 300114s9999 xx 000 0 eng d
020 _a9781264364008
037 _aEBOOK
040 _aCRL
040 _beng
040 _cCRL
041 _2eng
041 _aeng
084 _qCRL
100 _aLussier
_9896311
245 0 _aHuman Relations In Organizations: Applications And Skill Building
250 _a12
260 _bMcgraw Hill
260 _c2022
365 _aINR
365 _b122400
650 _aHuman Resource Management
856 _uhttps://resolver.vitalsource.com/9781264364008/?brand=mcgrawhillindia.vitalsource.com
942 _cEBOOK
999 _c1844318
_d1844318